000 00377nam a2200157Ia 4500
008 221030s9999 xx 000 0 und d
020 _a8120307496
041 _aEnglish
082 _a105.23
100 _aW. R. Stevens
245 0 _aUnix Network Programming ( DEPARTMENTAL )
260 _bPHI
_aNew Delhi
_c1997
300 _a772
650 _aCSE Departmental
942 _cBK
999 _c5575
_d5575